000 02647cam a22004814i 4500
003 PE-LiUPU
005 20250731183349.0
008 080828s2007 nyua r 000 0 eng d
020 _a0789315319
020 _a9780789315311
035 _a(Sirsi) i9780789315311
040 _aUNAMX
_bspa
_cUNAMX
_dPE-LiUPU
_erda
050 4 _aT395
_bG37
082 0 4 _a724.6
_bG26
100 1 _aGarn, Andrew,
_eautor.
245 1 0 _aExit to tomorrow :
_bworld's fair architecture, design, fashion, 1933-2005 /
_c[by Andrew Garn ; texts by Paola Antonelli, Udo Kultermann, and Stephen Van Dyk].
264 _aNew York :
_bUniverse,
_c2007.
300 _a224 páginas :
_bilustraciones ;
_c23 centímetros
336 _atext
_2rdacontent
337 _aunmediated
_2rdamedia
338 _avolume
_2rdacarrier
504 _aBibliografía : páginas 220-221.
505 0 _aOf imaginary and concrete fantasies / Paola Antonelli -- Anticipation of the future / Udo Kultermann -- A century of progress, Chicago, Illinois, 1933/34 -- Exposition Internationale des Arts et Techniques dans la vie Moderne, Paris, France, 1937 -- New York World's Fair, Flushing Meadows, New York, 1939/40 -- Esposizione Universale di Roma, Rome, Italy, 1942 -- Expo '58, Brussels, Belgium, 1958 -- American National Exhibition, Moscow, Soviet Union, 1959 -- Century 21 Exposition, Seattle, Washington, 1962 -- Swiss National Exposition, Lausanne, Switzerland, 1964 -- New York World's Fair, Flushing MEadows, New York, 1964/65 -- Expo '67, Montreal, Quebec, 1967 -- Expo '70, Osaka, Japan, 1970 -- Various expositions, 1974-2002, Expo 2005, Aichi, Japan, 2005.
526 _aP158
526 _aP146
526 _aP17
526 _aP12
526 _aP06
541 _g003-001196;
650 4 _aEncuadernación renacentista
_vExposiciones
_xHistoria
_ySiglo XXI.
650 4 _aEncuadernación renacentista
_vExposiciones.
650 4 _aExposiciones
_xDiseño.
650 4 _aExposiciones
_xHistoria
_ySiglo XX.
700 1 _aAntonelli, Paola,
_ecolaborador.
700 1 _aKultermann, Udo
_ecolaborador.
700 1 _aVan Dyk, Stephen H.,
_d1950- ,
_ecolaborador.
910 _ajck
_bebj
_cebj
_d20160628
942 _2ddc
_cBOOK
949 _a724.6 G26
_wDEWEY
_c1
_i73807
_lCCODEBUL1
_mBUL
_p30.14
_r0
_sY
_tBOOK
_u2016-6-28
_xINGENIERIA
_PP06
_0COMPRA
_o.STAFF. Colección General
994 _aC0
_bPEPRU
596 _a1
999 _a724.6 G26
_wDEWEY
_c10252
_i73807
_f2021-11-10
_g7
_lCCODEBUL1
_mBUL
_p30.14
_r0
_sY
_tBOOK
_u2016-6-28
_xINGENIERIA
_PP06
_0COMPRA
_o.STAFF. Colección General
_d10252
980 _81
_gALBERTO SANCHEZ Responsable de Automatización